[Event "Guernsey Holiday op 44th"]
[Site "Vale"]
[Date "2018.10.27"]
[Round "7"]
[White "Haisma, Henk"]
[Black "Bateman, Kerry"]
[Result "1-0"]
[WhiteElo "1787"]
[BlackElo "1710"]
[PlyCount "49"]
[EventDate "2018.10.21"]
[EventType "swiss"]
[EventRounds "7"]
[EventCountry "GCI"]
[SourceTitle "EXT 2021"]
[Source "ChessBase"]
[SourceDate "2020.10.23"]
[SourceVersion "1"]
[SourceVersionDate "2020.10.23"]
[SourceQuality "1"]

1. b4 e5 2. a3 g6 3. e4 Nf6 4. d3 d5 5. exd5 Bg7 6. Nc3 0-0 7. Bg5 c6 8. dxc6 Nxc6 9. Ne4 h6 10. Bxf6 Bxf6 11. Nf3 Bg7 12. Rb1 f5 13. Nc5 b6 14. Nb3 e4 15. Nfd2 Bc3 16. dxe4 Ne5 17. Be2 fxe4 18. 0-0 Bb7 19. f3 Bd4+ 20. Kh1 exf3 21. Nxf3 Nxf3 22. Bxf3 Bxf3 23. Rxf3 Rxf3 24. Qxf3 Qf6 25. Qxa8+ 1-0

[Event "Guernsey Holiday op 44th"]
[Site "Vale"]
[Date "2018.10.24"]
[Round "4"]
[White "Bateman, Kerry"]
[Black "Harnden, Terry"]
[Result "1-0"]
[WhiteElo "1710"]
[BlackElo "1428"]
[PlyCount "65"]
[EventDate "2018.10.21"]
[EventType "swiss"]
[EventRounds "7"]
[EventCountry "GCI"]
[SourceTitle "EXT 2021"]
[Source "ChessBase"]
[SourceDate "2020.10.23"]
[SourceVersion "1"]
[SourceVersionDate "2020.10.23"]
[SourceQuality "1"]

1. e4 c5 2. Nc3 d6 3. f4 Nc6 4. Bc4 e6 5. Nf3 g6 6. a4 a6 7. 0-0 Bg7 8. Ne2 Nf6 9. Ng3 0-0 10. Ba2 b5 11. c3 b4 12. Qc2 Qb6 13. Kh1 a5 14. d4 Ba6 15. Rd1 c4 16. Qe2 b3 17. Bb1 d5 18. e5 Nd7 19. f5 exf5 20. Nxf5 gxf5 21. Bxf5 Ra7 22. Ng5 h6 23. Qh5 Nd8 24. Nh7 Re8 25. e6 Nxe6 26. Bxh6 Bxh6 27. Qxh6 Ng7 28. Qh3 Re7 29. Bxd7 Raxd7 30. Re1 Rxe1+ 31. Rxe1 Rd8 32. Qh4 Qd6 33. Nf6+ 1-0

[Event "Guernsey Holiday op 43rd"]
[Site "Guernsey"]
[Date "2017.10.20"]
[Round "6"]
[White "Kearsley, Raymond J"]
[Black "Bateman, Kerry"]
[Result "0-1"]
[WhiteElo "1724"]
[BlackElo "1764"]
[PlyCount "52"]
[EventDate "2017.10.15"]
[EventType "swiss"]
[EventRounds "7"]
[EventCountry "GCI"]
[SourceTitle "EXT 2020"]
[Source "ChessBase"]
[SourceDate "2019.10.17"]
[SourceVersion "1"]
[SourceVersionDate "2019.10.17"]
[SourceQuality "1"]

1. e4 c5 2. Nf3 d6 3. Bb5+ Bd7 4. Bxd7+ Nxd7 5. 0-0 Ngf6 6. Qe2 Qc7 7. Nc3 e6 8. d4 cxd4 9. Nxd4 Rc8 10. Be3 Be7 11. Rac1 0-0 12. f4 Qc4 13. Qd1 Nc5 14. Qf3 d5 15. e5 Nfe4 16. Ncb5 a6 17. b3 Qb4 18. a3 Qa5 19. b4 Qa4 20. Na7 Rc7 21. Nb3 Nd7 22. Bd4 Qxa3 23. b5 Nec5 24. Qe3 Qb4 25. Rb1 Nxb3 26. Rxb3 Qxd4 0-1

[Event "Guernsey Holiday op 43rd"]
[Site "Guernsey"]
[Date "2017.10.16"]
[Round "2"]
[White "Stuart, Brian"]
[Black "Bateman, Kerry"]
[Result "1-0"]
[WhiteElo "1654"]
[BlackElo "1764"]
[PlyCount "115"]
[EventDate "2017.10.15"]
[EventType "swiss"]
[EventRounds "7"]
[EventCountry "GCI"]
[SourceTitle "EXT 2020"]
[Source "ChessBase"]
[SourceDate "2019.10.17"]
[SourceVersion "1"]
[SourceVersionDate "2019.10.17"]
[SourceQuality "1"]

1. e4 c5 2. d4 cxd4 3. c3 d5 4. exd5 Qxd5 5. cxd4 Nc6 6. Be3 Nf6 7. Nc3 Qa5 8. Nf3 Bg4 9. Be2 e6 10. 0-0 a6 11. a3 Nd5 12. Nxd5 Qxd5 13. Rc1 Bd6 14. h3 h5 15. Qc2 Ne7 16. Bc4 Qf5 17. Bd3 Qa5 18. Bd2 Qd8 19. Ne5 Bf5 20. Bxf5 Nxf5 21. Nf3 0-0 22. Qe4 Qd7 23. g4 hxg4 24. hxg4 Ne7 25. Kg2 Ng6 26. Rh1 f5 27. gxf5 exf5 28. Qd5+ Rf7 29. Ng5 Nf4+ 30. Bxf4 Bxf4 31. Qxf7+ Qxf7 32. Nxf7 Kxf7 33. Rcd1 Rc8 34. Rd3 Ke6 35. Re1+ Kd5 36. Re7 Rc6 37. Rd7+ Ke4 38. Rc3 Rg6+ 39. Kf1 Bd6 40. Rxb7 f4 41. Rbb3 Rh6 42. Rh3 Rxh3 43. Rxh3 Kxd4 44. Ke2 Ke4 45. Rb3 a5 46. f3+ Kd4 47. Kd2 Be7 48. Rb7 Bf6 49. b4 axb4 50. Rxb4+ Kc5 51. Kd3 g5 52. Rb1 Kd5 53. a4 Bd8 54. Rb5+ Kc6 55. Kc4 Kd6 56. Rd5+ Ke7 57. Rxd8 Kxd8 58. Kd4 1-0

[Event "Guernsey Holiday op 42nd"]
[Site "Guernsey"]
[Date "2016.10.18"]
[Round "3"]
[White "Bateman, Kerry"]
[Black "Hoogakker, Peter"]
[Result "1-0"]
[WhiteElo "1742"]
[BlackElo "1789"]
[PlyCount "55"]
[EventDate "2016.10.16"]
[EventType "swiss"]
[EventRounds "7"]
[EventCountry "GCI"]
[SourceTitle "EXT 2022"]
[Source "ChessBase"]
[SourceDate "2021.10.06"]
[SourceVersion "1"]
[SourceVersionDate "2021.10.06"]
[SourceQuality "1"]

1. e4 d6 2. d4 Nf6 3. Nc3 Nbd7 4. f4 e5 5. Nf3 exd4 6. Qxd4 c6 7. Bd3 d5 8. Qf2 Bc5 9. Qe2 0-0 10. Bd2 dxe4 11. Bxe4 Nxe4 12. Nxe4 Re8 13. 0-0-0 Qe7 14. Rhe1 Qe6 15. Bc3 f5 16. Nfg5 Qg6 17. Qc4+ Kh8 18. Nxc5 Rxe1 19. Rxe1 h6 20. Qf7 Qxf7 21. Nxf7+ Kg8 22. Nxd7 Bxd7 23. Re7 Be8 24. Nd6 Bh5 25. Rxg7+ Kf8 26. Nxf5 Rd8 27. Bb4+ Ke8 28. Rg8+ 1-0

[Event "Olympiad-42"]
[Site "Baku"]
[Date "2016.09.08"]
[Round "6.4"]
[White "Dacres, Don"]
[Black "Bateman, Kerry"]
[Result "0-1"]
[WhiteElo "1713"]
[BlackElo "1785"]
[PlyCount "119"]
[EventDate "2016.09.02"]
[EventType "team-swiss"]
[EventRounds "11"]
[EventCountry "AZE"]
[SourceTitle "CBM 175"]
[Source "ChessBase"]
[SourceDate "2016.11.10"]
[SourceVersion "1"]
[SourceVersionDate "2016.11.10"]
[SourceQuality "1"]
[WhiteTeam "Bermuda"]
[BlackTeam "Guernsey"]
[WhiteTeamCountry "BER"]
[BlackTeamCountry "GCI"]

1. d4 Nf6 2. c4 e6 3. Nf3 c5 4. e3 d5 5. dxc5 Bxc5 6. Nc3 0-0 7. Be2 Nc6 8. cxd5 exd5 9. 0-0 Re8 10. Na4 Bd6 11. Nd4 Bd7 12. Nc3 Rc8 13. Bd2 Qe7 14. Re1 Ne5 15. f3 Ng6 16. a3 h6 17. b4 Rxc3 18. Nb5 Rcc8 19. Nxa7 Ra8 20. Nb5 Bxb5 21. Bxb5 Rec8 22. Qb3 Qe5 23. f4 Qh5 24. Be2 Qf5 25. Rad1 Ne4 26. Bd3 Nh4 27. Re2 g5 28. Rf1 g4 29. Rd1 Nf3+ 30. gxf3 gxf3 31. Bxe4 Qg4+ 32. Kh1 fxe2 33. Rg1 Rc1 34. Bg2 Rxg1+ 35. Kxg1 Qh4 36. Qb1 Rxa3 37. Qe1 Qxe1+ 38. Bxe1 Ra1 39. Kf2 Ra2 40. Bf3 Rb2 41. Bxe2 Bxb4 42. Bxb4 Rxb4 43. h4 Rb2 44. Ke1 Rc2 45. Kd1 Rc5 46. Bd3 b5 47. Kd2 f6 48. Kd1 Kf7 49. f5 Ke7 50. Kd2 Kd6 51. Bb1 Ke5 52. Bd3 b4 53. Bb1 Rc4 54. h5 d4 55. e4 Rc3 56. Bd3 b3 57. Ke2 b2 58. Bb1 Rc1 59. Kd2 Rxb1 60. Kc2 0-1

[Event "Olympiad-42"]
[Site "Baku"]
[Date "2016.09.05"]
[Round "4.4"]
[White "Bateman, Kerry"]
[Black "Bazil, Joslin"]
[Result "0-1"]
[WhiteElo "1785"]
[BlackElo "1878"]
[PlyCount "62"]
[EventDate "2016.09.02"]
[EventType "team-swiss"]
[EventRounds "11"]
[EventCountry "AZE"]
[SourceTitle "CBM 175"]
[Source "ChessBase"]
[SourceDate "2016.11.10"]
[SourceVersion "1"]
[SourceVersionDate "2016.11.10"]
[SourceQuality "1"]
[WhiteTeam "Guernsey"]
[BlackTeam "Haiti"]
[WhiteTeamCountry "GCI"]
[BlackTeamCountry "HAI"]

1. e4 d6 2. Nc3 Nf6 3. Bc4 g6 4. f4 c6 5. d3 Bg7 6. Nf3 0-0 7. 0-0 d5 8. Bb3 Bg4 9. Qe1 Bxf3 10. Rxf3 e6 11. Qh4 Nfd7 12. Qxd8 Rxd8 13. Bd2 Nc5 14. Re1 Bd4+ 15. Kh1 Nbd7 16. g4 Nf6 17. e5 Nxg4 18. Nd1 Nh6 19. c3 Nxb3 20. axb3 Bb6 21. d4 c5 22. Be3 cxd4 23. Bxd4 Bxd4 24. cxd4 Nf5 25. Rd3 Rdc8 26. Nc3 Rc6 27. Ra1 a6 28. Ra4 Rac8 29. Kg2 Rb6 30. Ra5 Rxb3 31. Rd2 Ne3+ 0-1

[Event "Olympiad-42"]
[Site "Baku"]
[Date "2016.09.04"]
[Round "3.4"]
[White "Bateman, Kerry"]
[Black "Hemam, Moulaye Brahim"]
[Result "0-1"]
[WhiteElo "1785"]
[BlackElo "2032"]
[PlyCount "48"]
[EventDate "2016.09.02"]
[EventType "team-swiss"]
[EventRounds "11"]
[EventCountry "AZE"]
[SourceTitle "CBM 175"]
[Source "ChessBase"]
[SourceDate "2016.11.10"]
[SourceVersion "1"]
[SourceVersionDate "2016.11.10"]
[SourceQuality "1"]
[WhiteTeam "Guernsey"]
[BlackTeam "Mauritania"]
[WhiteTeamCountry "GCI"]
[BlackTeamCountry "MAU"]

1. e4 c5 2. Nc3 Nc6 3. f4 e6 4. d3 d6 5. Nf3 Nf6 6. Bd2 Be7 7. Be2 Rb8 8. a4 Bd7 9. 0-0 a6 10. e5 dxe5 11. fxe5 Ng4 12. Bf4 Qc7 13. Ne4 Ngxe5 14. Nxe5 Nxe5 15. d4 cxd4 16. Qxd4 f6 17. Rad1 Rd8 18. Bxe5 Qxe5 19. Qxe5 fxe5 20. Bh5+ g6 21. Bg4 Rf8 22. Rxf8+ Kxf8 23. Rf1+ Kg7 24. Ng5 Bxg5 0-1

[Event "Guernsey Holiday op 41st"]
[Site "Guernsey"]
[Date "2015.10.24"]
[Round "7"]
[White "Bateman, Kerry"]
[Black "Vonhoff, Joerg"]
[Result "0-1"]
[WhiteElo "1824"]
[BlackElo "1728"]
[PlyCount "72"]
[EventDate "2015.10.18"]
[EventType "swiss"]
[EventRounds "7"]
[EventCountry "GCI"]
[SourceTitle "EXT 2022"]
[Source "ChessBase"]
[SourceDate "2021.10.06"]
[SourceVersion "1"]
[SourceVersionDate "2021.10.06"]
[SourceQuality "1"]

1. e4 c5 2. f4 d6 3. Nf3 a6 4. d4 cxd4 5. Qxd4 Nc6 6. Qa4 Bd7 7. Qb3 Qc7 8. c3 Nf6 9. Bd3 Rc8 10. Be3 Be6 11. Qb6 Qxb6 12. Bxb6 Nb4 13. cxb4 Rc1+ 14. Kd2 Rxh1 15. f5 Bd7 16. a4 Bc6 17. b5 Bxe4 18. bxa6 bxa6 19. Nc3 Rxa1 20. Bxa6 Bxf5 21. Bb7 Ne4+ 22. Nxe4 Bxe4 23. Bxe4 e6 24. Bc6+ Ke7 25. g4 g6 26. Bd4 f6 27. Kc2 Bg7 28. b4 Rc8 29. b5 Rxa4 30. Kb3 Ra5 31. Bc3 Rxc6 32. bxc6 Rc5 33. Nd4 Rxc3+ 34. Kxc3 f5 35. gxf5 gxf5 36. Kc4 Bxd4 0-1

[Event "Guernsey Holiday op 41st"]
[Site "Guernsey"]
[Date "2015.10.23"]
[Round "6"]
[White "Stuart, Brian"]
[Black "Bateman, Kerry"]
[Result "1-0"]
[WhiteElo "1758"]
[BlackElo "1824"]
[PlyCount "67"]
[EventDate "2015.10.18"]
[EventType "swiss"]
[EventRounds "7"]
[EventCountry "GCI"]
[SourceTitle "EXT 2022"]
[Source "ChessBase"]
[SourceDate "2021.10.06"]
[SourceVersion "1"]
[SourceVersionDate "2021.10.06"]
[SourceQuality "1"]

1. e4 c5 2. Nf3 d6 3. c3 Nf6 4. Be2 Nc6 5. d4 cxd4 6. cxd4 Qa5+ 7. Bd2 Qb6 8. Nc3 Nxd4 9. Qa4+ Nc6 10. Nd5 Qd8 11. Bb5 Bd7 12. Rc1 e6 13. Nxf6+ gxf6 14. Bxc6 bxc6 15. 0-0 c5 16. Qc2 Qb6 17. Qc3 e5 18. b3 Rg8 19. Kh1 Qb7 20. Ng1 Qxe4 21. f3 Qg6 22. Rf2 h5 23. Re1 Bc6 24. Nh3 Kd7 25. b4 cxb4 26. Qe3 Bh6 27. Qxh6 a5 28. Qe3 Rac8 29. Nf4 Qf5 30. Nd3 Bb5 31. Nc1 Qg6 32. Nb3 Rc2 33. Qa7+ Ke6 34. Nd4+ 1-0

[Event "Guernsey Holiday op 41st"]
[Site "Guernsey"]
[Date "2015.10.18"]
[Round "1"]
[White "Bateman, Kerry"]
[Black "Joyeux, Gerard"]
[Result "1-0"]
[WhiteElo "1824"]
[BlackElo "1594"]
[PlyCount "75"]
[EventDate "2015.10.18"]
[EventType "swiss"]
[EventRounds "7"]
[EventCountry "GCI"]
[SourceTitle "EXT 2022"]
[Source "ChessBase"]
[SourceDate "2021.10.06"]
[SourceVersion "1"]
[SourceVersionDate "2021.10.06"]
[SourceQuality "1"]

1. e4 c5 2. f4 e6 3. Nf3 Qb6 4. Nc3 Nc6 5. Bc4 Na5 6. Be2 c4 7. d4 cxd3 8. Qxd3 Nf6 9. Be3 Qxb2 10. Rb1 Qa3 11. Nd4 Bb4 12. Ndb5 Bxc3+ 13. Nxc3 0-0 14. Bc1 Qe7 15. Nb5 Qd8 16. e5 Nd5 17. Bf3 Ne7 18. Ba3 Nac6 19. 0-0 f6 20. Bd6 a6 21. Bc7 Qe8 22. Nd6 Qg6 23. Qe2 Nd4 24. Qd3 Nxf3+ 25. Rxf3 Qxd3 26. Rxd3 fxe5 27. Nxc8 Raxc8 28. Rxd7 Nd5 29. Bxe5 Rf7 30. Rxf7 Kxf7 31. Rxb7+ Kg6 32. Rxg7+ Kh6 33. g4 Rf8 34. g5+ Kh5 35. Rxh7+ Kg4 36. g6 Nxf4 37. Bxf4 Kxf4 38. Rf7+ 1-0

[Event "Guernsey Holiday op 40th"]
[Site "Guernsey"]
[Date "2014.10.19"]
[Round "1"]
[White "Bateman, Kerry"]
[Black "Jones, Tim"]
[Result "1-0"]
[WhiteElo "1717"]
[BlackElo "1518"]
[PlyCount "103"]
[EventDate "2014.10.19"]
[EventType "swiss"]
[EventRounds "7"]
[EventCountry "GCI"]
[SourceTitle "EXT 2022"]
[Source "ChessBase"]
[SourceDate "2021.10.06"]
[SourceVersion "1"]
[SourceVersionDate "2021.10.06"]
[SourceQuality "1"]

1. e4 e6 2. d4 d5 3. Nc3 c5 4. Bb5+ Nc6 5. Nf3 a6 6. exd5 axb5 7. dxc6 bxc6 8. Be3 c4 9. 0-0 Nf6 10. Ne5 Bb7 11. f4 b4 12. Ne2 Nd5 13. Bf2 Be7 14. Ng3 0-0 15. f5 Nf6 16. Qe2 Qd5 17. Qxc4 Qxc4 18. Nxc4 Ba6 19. b3 Rfe8 20. Rfe1 Ng4 21. fxe6 f6 22. Nf5 Nxf2 23. Kxf2 Rad8 24. Nce3 Bc8 25. Ng4 Rd5 26. Nge3 Rdd8 27. Nc4 Rd5 28. g4 Kh8 29. Nxe7 Rxe7 30. Nb6 Rd8 31. Nxc8 Rxc8 32. Re4 Rd8 33. c4 bxc3 34. Rc1 Rd6 35. Rxc3 g5 36. Rce3 Kg7 37. Kg3 Kf8 38. h4 h6 39. a4 Ra7 40. e7+ Ke8 41. hxg5 hxg5 42. Kf3 Rb7 43. Ke2 Rbd7 44. Rd3 Rxe7 45. Rxe7+ Kxe7 46. Re3+ Kd7 47. Kd3 c5 48. Re4 Kc6 49. Kc4 Rxd4+ 50. Rxd4 cxd4 51. Kxd4 Kb6 52. Ke4 1-0

[Event "Guernsey Holiday op"]
[Site "Guernsey"]
[Date "2012.10.23"]
[Round "3"]
[White "Kaye, Michael J"]
[Black "Bateman, Kerry"]
[Result "1/2-1/2"]
[WhiteElo "1360"]
[BlackElo "1676"]
[PlyCount "98"]
[EventDate "2012.10.21"]
[EventType "swiss"]
[EventRounds "7"]
[EventCountry "GCI"]
[SourceTitle "EXT 2015"]
[Source "ChessBase"]
[SourceDate "2014.11.20"]
[SourceVersion "1"]
[SourceVersionDate "2014.11.20"]
[SourceQuality "1"]

1. d4 Nf6 2. Nf3 g6 3. Nbd2 Bg7 4. e3 d6 5. Bc4 0-0 6. a3 Be6 7. Bxe6 fxe6 8. c3 Nc6 9. b4 a6 10. Bb2 Kh8 11. Qc2 Nd5 12. 0-0-0 b5 13. h4 h5 14. Qxg6 Qe8 15. Qxe6 Qf7 16. Qe4 Qf5 17. Rh3 Qxe4 18. Nxe4 a5 19. Nfg5 Bh6 20. Rf3 Rxf3 21. gxf3 Kg8 22. f4 axb4 23. cxb4 Kf8 24. Rg1 Ncxb4 25. axb4 Nxb4 26. Kd2 Ra2 27. Kc3 Nd5+ 28. Kb3 Ra7 29. Rc1 Ke8 30. Nc3 Nf6 31. Kb4 Kd7 32. d5 Bxg5 33. fxg5 Ng4 34. Ra1 Rb7 35. Ne4 Rb8 36. g6 Nh6 37. Ng3 e6 38. Nxh5 exd5 39. Rg1 c5+ 40. Kb3 Rf8 41. g7 Rxf2 42. g8Q Nxg8 43. Rxg8 c4+ 44. Ka3 b4+ 45. Kxb4 Rxb2+ 46. Kc3 Rb3+ 47. Kd2 Rb2+ 48. Kc3 Rb3+ 49. Kd2 Rb2+ 1/2-1/2

[Event "Guernsey Holiday op"]
[Site "Guernsey"]
[Date "2011.10.22"]
[Round "7"]
[White "Bateman, Kerry"]
[Black "Dokter, Marike"]
[Result "0-1"]
[WhiteElo "1525"]
[BlackElo "1570"]
[PlyCount "50"]
[EventDate "2011.10.16"]
[EventType "swiss"]
[EventRounds "7"]
[EventCountry "GCI"]
[SourceTitle "EXT 2015"]
[Source "ChessBase"]
[SourceDate "2014.11.20"]
[SourceVersion "1"]
[SourceVersionDate "2014.11.20"]
[SourceQuality "1"]

1. e4 e5 2. Nf3 Nc6 3. Bc4 Nf6 4. d4 Nxe4 5. dxe5 Ne7 6. Ng5 Nxg5 7. Bxg5 d6 8. 0-0 Bf5 9. g4 Be6 10. Qe2 Qd7 11. Bxe6 Qxe6 12. f4 0-0-0 13. Nc3 dxe5 14. Na4 f6 15. Bh4 Nc6 16. h3 a6 17. Qf2 Qc4 18. b3 Qxf4 19. Qxf4 exf4 20. Bxf6 gxf6 21. Rxf4 Rd2 22. Nc3 Rxc2 23. Ne4 Bh6 24. Rxf6 Be3+ 25. Kh1 Bd4 0-1

[Event "Guernsey Holiday op"]
[Site "Guernsey"]
[Date "2010.10.18"]
[Round "2"]
[White "Sandijck, Pieter"]
[Black "Bateman, Kerry"]
[Result "1-0"]
[WhiteElo "1698"]
[BlackElo "1490"]
[PlyCount "123"]
[EventDate "2010.10.17"]
[EventType "swiss"]
[EventRounds "7"]
[EventCountry "GCI"]
[SourceTitle "EXT 2013"]
[Source "ChessBase"]
[SourceDate "2012.11.22"]
[SourceVersion "1"]
[SourceVersionDate "2012.11.22"]
[SourceQuality "1"]

1. d4 Nf6 2. c4 c5 3. e3 g6 4. Nc3 cxd4 5. exd4 Bg7 6. Nf3 0-0 7. Bd3 d5 8. 0-0 Nc6 9. c5 Bg4 10. Be2 a6 11. h3 Bxf3 12. Bxf3 e6 13. Bg5 Qa5 14. a3 Nd7 15. Be3 Rad8 16. b4 Qc7 17. b5 Ne7 18. Be2 Nxc5 19. dxc5 Bxc3 20. Rc1 Bb2 21. Rc2 Bxa3 22. Qa1 Bb4 23. Bh6 Nf5 24. Bxf8 Rxf8 25. c6 axb5 26. Rb1 Bd6 27. Bxb5 bxc6 28. Rxc6 Bh2+ 29. Kh1 Qf4 30. Rf1 Nh4 31. Qa4 Qg5 32. Qg4 Qxg4 33. hxg4 Be5 34. f4 Bxf4 35. Rxf4 g5 36. Rf1 Ng6 37. Rc7 Ne5 38. Be2 Kg7 39. Re1 Ng6 40. g3 Ne5 41. Kg2 Rb8 42. Bd1 Rb2+ 43. Re2 Rxe2+ 44. Bxe2 h6 45. Kf2 Kg6 46. Ke3 f5 47. gxf5+ Kxf5 48. Rc8 Ng4+ 49. Kd4 Nf6 50. Rf8 e5+ 51. Kd3 Ke6 52. Rh8 h5 53. Bxh5 Nxh5 54. Rxh5 Kf5 55. Rh6 Kg4 56. Rd6 e4+ 57. Ke3 Kxg3 58. Rxd5 g4 59. Re5 Kg2 60. Rxe4 g3 61. Rg4 Kh3 62. Kf3 1-0

[Event "Guernsey Holiday op"]
[Site "Guernsey"]
[Date "2009.10.23"]
[Round "6"]
[White "Collins, Alan"]
[Black "Bateman, Kerry"]
[Result "1/2-1/2"]
[WhiteElo "1690"]
[BlackElo "1400"]
[PlyCount "88"]
[EventDate "2009.10.18"]
[EventType "swiss"]
[EventRounds "7"]
[EventCountry "GCI"]
[SourceTitle "EXT 2015"]
[Source "ChessBase"]
[SourceDate "2014.11.20"]
[SourceVersion "1"]
[SourceVersionDate "2014.11.20"]
[SourceQuality "1"]

1. d4 Nf6 2. Nf3 c5 3. d5 d6 4. c4 g6 5. Nc3 Bg7 6. e4 0-0 7. Bd3 Bg4 8. h3 Bxf3 9. Qxf3 Nbd7 10. Qe2 a6 11. 0-0 e6 12. Bf4 Nb6 13. Rac1 Re8 14. Qc2 exd5 15. exd5 Nh5 16. Bh2 Re5 17. Ne4 f5 18. Nxc5 dxc5 19. Bxe5 Bxe5 20. Rce1 Qf6 21. Re3 Nd7 22. b3 Rf8 23. Be2 f4 24. Rd3 Ng7 25. Bg4 Nf5 26. Bxf5 Qxf5 27. Rd2 Qg5 28. f3 Bd4+ 29. Kh1 Re8 30. Re2 Re3 31. Rxe3 Bxe3 32. Qe4 Qe5 33. Qc2 Nf6 34. a3 Kf7 35. Rb1 Bd4 36. b4 b6 37. bxc5 Bxc5 38. a4 a5 39. Qb3 Ke7 40. Rd1 Kd6 41. Qb5 Qe8 42. Qb1 Bb4 43. Qc2 Qe3 44. Qb2 Qc3 1/2-1/2

[Event "Guernsey Holiday op"]
[Site "Guernsey"]
[Date "2009.10.19"]
[Round "2"]
[White "Herschmann, Heinz"]
[Black "Bateman, Kerry"]
[Result "0-1"]
[WhiteElo "1562"]
[BlackElo "1400"]
[PlyCount "98"]
[EventDate "2009.10.18"]
[EventType "swiss"]
[EventRounds "7"]
[EventCountry "GCI"]
[SourceTitle "EXT 2015"]
[Source "ChessBase"]
[SourceDate "2014.11.20"]
[SourceVersion "1"]
[SourceVersionDate "2014.11.20"]
[SourceQuality "1"]

1. e4 c5 2. Nf3 d6 3. d4 cxd4 4. Nxd4 Nf6 5. Bd3 g6 6. 0-0 Bg7 7. c3 0-0 8. Be3 a6 9. Nd2 b5 10. a3 Bb7 11. f3 Nbd7 12. Qe2 Rc8 13. N4b3 Qc7 14. Rfc1 Ne5 15. f4 Nc4 16. Bxc4 bxc4 17. Nd4 Nxe4 18. Nxe4 Bxe4 19. Nf3 d5 20. Qf2 f6 21. Nd2 Bd3 22. Nf3 e5 23. Ne1 Be4 24. Qd2 Rfd8 25. Qf2 Rd7 26. fxe5 fxe5 27. Nf3 Rf7 28. Qg3 Bd3 29. Ng5 Rf5 30. Ne6 Qf7 31. Nxg7 Kxg7 32. h3 Rf8 33. Kh2 Qb7 34. Bc5 R8f7 35. Bd6 e4 36. Be5+ Kg8 37. Bd4 Qxb2 38. Qd6 Qb7 39. Qe6 Qb8+ 40. Kg1 Kf8 41. Bc5+ Kg8 42. Bd6 Qb6+ 43. Kh2 Qc6 44. Rab1 Bxb1 45. Rxb1 R5f6 46. Rb8+ Kg7 47. Bf8+ Rxf8 48. Qe7+ R8f7 49. Qe5 Qd6 0-1